| 000 | 00612nam a22001937a 4500 | ||
|---|---|---|---|
| 003 | OSt | ||
| 005 | 20250709024908.0 | ||
| 008 | 250709b |||||||| |||| 00| 0 eng d | ||
| 020 | _a9789351158233 | ||
| 040 |
_aDWCL - Main lib _cOC |
||
| 082 | _aCirc. 394.2 F93 2016 | ||
| 100 | _a3G ELearning FZ LLC | ||
| 245 |
_aEvent management services : _badvanced/ |
||
| 260 |
_aUAE : _b 3G Elearning, _cc2016. |
||
| 300 |
_avi, 322 pages : _b illustrations (chiefly color) ; _c30 cm. -- + 1 CD-ROM (4 3/4 in.) |
||
| 504 | _aIncludes index. | ||
| 650 | _a1. Special events--Management. | ||
| 942 |
_2ddc _cBK-CIRC _kCirc. _n0 |
||
| 999 |
_c3521 _d3521 |
||